[Event "IX Êóáîê Ãóáåðíàòîðà ÕÌÀÎ-Þãðû òóðíèð À"]
[Site "Õàíòû-Ìàíñèéñê, Russia"]
[Date "2013.11.28"]
[Round "1"]
[White "Àëåêñååâ Åâãåíèé"]
[Black "Ôðîëüÿíîâ Äìèòðèé"]
[Result "1/2-1/2"]
[WhiteElo "2698"]
[BlackElo "2561"]
[Annotator ""]
[Source ""]
[Remark ""]

1.e4 c5 2.Nf3 Nc6 3.Bb5 g6 4.Bxc6 bxc6 5.O-O Bg7 6.Re1 Nf6 7.e5
Nd5 8.c4 Nc7 9.d4 cxd4 10.Qxd4 O-O 11.Qh4 f6 12.exf6 exf6 13.Nc3
Ne6 14.Qg3 d5 15.cxd5 cxd5 16.Rd1 Bb7 17.Be3 f5 18.Ne2 Ba6 19.Ned4
f4 20.Nxe6 fxg3 21.Nxd8 gxf2+ 22.Kxf2 Raxd8 23.Bd4 Rde8 24.Bxg7
Re2+ 25.Kg3 Kxg7 26.b3 Bb7 27.Re1 Rfe8 28.Rxe2 Rxe2 29.Rc1 Kf6
30.Rc7 Re7 31.Rxe7 Kxe7 32.Kf2 Kd6 33.b4 d4 34.Nxd4 Kd5 35.Nb3
Ba8 36.a3 Kc4 37.Nc5 a5 38.Nd7 axb4 39.axb4 Kxb4 40.g4 Bc6 41.Nf8
h5 42.Nxg6 hxg4 43.Ne5 Kc5 44.Kg3 Bf3 45.Nxf3 gxf3 46.Kxf3 1/2-1/2

[Event "IX Êóáîê Ãóáåðíàòîðà ÕÌÀÎ-Þãðû òóðíèð À"]
[Site "Õàíòû-Ìàíñèéñê, Russia"]
[Date "2013.11.28"]
[Round "1"]
[White "Ëûñûé Èãîðü"]
[Black "Þäèí Ñåðãåé"]
[Result "1-0"]
[WhiteElo "2666"]
[BlackElo "2548"]
[Annotator ""]
[Source ""]
[Remark ""]

1.d4 d5 2.c4 e6 3.Nc3 c6 4.e4 dxe4 5.Nxe4 Bb4+ 6.Bd2 Qxd4 7.Bxb4
Qxe4+ 8.Be2 Na6 9.Ba5 b6 10.Qd6 Bd7 11.Bc3 f6 12.Nf3 Nh6 13.Rd1
Rd8 14.Qa3 Bc8 15.Nd2 Qf4 16.O-O c5 17.Qa4+ Ke7 18.a3 Nf5 19.Nf3
Rxd1 20.Rxd1 Rd8 21.Re1 Bb7 22.Qc2 Be4 23.Qa4 Bb7 24.Bf1 Rd7
25.b4 Bxf3 26.Qxa6 Bb7 27.Qxa7 Bxg2 28.Qxb6 Bb7 29.Qxe6+ Kd8
30.Qb6+ Qc7 31.Bxf6+ gxf6 32.Qxf6+ 1-0

[Event "IX Êóáîê Ãóáåðíàòîðà ÕÌÀÎ-Þãðû òóðíèð À"]
[Site "Õàíòû-Ìàíñèéñê, Russia"]
[Date "2013.11.28"]
[Round "1"]
[White "Ñòóêîïèí Àíäðåé"]
[Black "Ñìèðíîâ Ïàâåë"]
[Result "1/2-1/2"]
[WhiteElo "2509"]
[BlackElo "2641"]
[Annotator ""]
[Source ""]
[Remark ""]

1.e4 c5 2.Nf3 d6 3.d4 cxd4 4.Nxd4 Nf6 5.Nc3 a6 6.Be3 e6 7.f3
b5 8.Qd2 Nbd7 9.g4 b4 10.Nce2 h6 11.O-O-O Qc7 12.h4 d5 13.Bf4
e5 14.Bh2 dxe4 15.g5 hxg5 16.hxg5 Rxh2 17.Rxh2 exd4 18.Rh4 Ng4
19.Rxg4 Nc5 20.Rh4 d3 21.Nd4 Bb7 22.fxe4 O-O-O 23.Rh8 Bxe4 24.Qf2
dxc2 25.Rd2 Be7 26.Rxd8+ Bxd8 27.Qe3 Qe5 28.Nf3 Qe7 29.Rd4 b3
30.axb3 Bg6 31.Qc3 Kb8 32.Bc4 Bc7 33.b4 Ne6 34.Qe3 Qxb4 35.Bxe6
Qa5 36.Ba2 Qxa2 37.Rb4+ Ka8 38.Qe8+ Ka7 39.Qe3+ Ka8 40.Qe8+ Ka7 1/2-1/2

[Event "IX Êóáîê Ãóáåðíàòîðà ÕÌÀÎ-Þãðû òóðíèð À"]
[Site "Õàíòû-Ìàíñèéñê, Russia"]
[Date "2013.11.28"]
[Round "1"]
[White "Ñþãèðîâ Ñàíàí"]
[Black "Áåçãîäîâ Àëåêñåé"]
[Result "1/2-1/2"]
[WhiteElo "2641"]
[BlackElo "2482"]
[Annotator ""]
[Source ""]
[Remark ""]

1.e4 e5 2.Nf3 Nc6 3.Bb5 g6 4.c3 d6 5.d4 Bd7 6.O-O Bg7 7.Be3 Nf6
8.Nbd2 O-O 9.Bd3 Ng4 10.Bg5 Bf6 11.Bxf6 Nxf6 12.Re1 Nh5 13.Rc1
Qf6 14.d5 Ne7 15.g3 c6 16.c4 c5 17.a3 a5 18.b4 axb4 19.axb4 b6
20.Rb1 Ra3 21.Be2 Rfa8 22.bxc5 bxc5 23.Rb3 Nc8 24.Rxa3 Rxa3 25.Qc1
Ra4 26.Qc3 Rb4 27.Ra1 Ng7 28.Ne1 Qd8 29.Nd3 Ra4 30.Rb1 Qa5 31.Qxa5
Rxa5 32.Kf1 Kf8 33.f4 f6 34.Nf2 h5 35.Ke1 Ra6 36.Bf1 Nb6 37.Bh3
Ke7 38.Bxd7 Nxd7 39.Nd3 Ne8 40.Ke2 Kd8 41.Rf1 Ra2 42.Ke3 Nb6
43.h4 Ra4 44.Rc1 Nc7 45.Ke2 Na6 46.f5 1/2-1/2

[Event "IX Êóáîê Ãóáåðíàòîðà ÕÌÀÎ-Þãðû òóðíèð À"]
[Site "Õàíòû-Ìàíñèéñê, Russia"]
[Date "2013.11.28"]
[Round "1"]
[White "Êîêàðåâ Äìèòðèé"]
[Black "Êàáàíîâ Íèêîëàé"]
[Result "1-0"]
[WhiteElo "2631"]
[BlackElo "2477"]
[Annotator ""]
[Source ""]
[Remark ""]

1.e4 c6 2.d4 d5 3.Nc3 dxe4 4.Nxe4 Bf5 5.Ng3 Bg6 6.Nf3 Nf6 7.h4
h6 8.Ne5 Bh7 9.Bd3 Nbd7 10.Bxh7 Nxe5 11.dxe5 Qa5+ 12.Kf1 Nxh7
13.e6 Qd5 14.exf7+ Qxf7 15.Qe2 e6 16.Bd2 Nf6 17.Re1 O-O-O 18.Rh3
Bc5 19.Be3 Bxe3 20.Qxe3 Kb8 21.Qxe6 Qxe6 22.Rxe6 Nd5 23.Nh5 Nb4
24.Nxg7 Nxc2 25.g4 Rhg8 26.Re7 Rd1+ 27.Kg2 Ne1+ 28.Kh2 Rd2 29.Rb3
b6 30.Rxe1 Rxg7 31.Kg3 c5 32.f4 c4 33.Rf3 Rxb2 34.f5 c3 35.f6
Rf7 36.g5 hxg5 37.hxg5 c2 38.g6 Rf8 39.f7 1-0

[Event "IX Êóáîê Ãóáåðíàòîðà ÕÌÀÎ-Þãðû òóðíèð À"]
[Site "Õàíòû-Ìàíñèéñê, Russia"]
[Date "2013.11.28"]
[Round "1"]
[White "Ïîòàïîâ Ïàâåë"]
[Black "Âîëêîâ Ñåðãåé"]
[Result "1-0"]
[WhiteElo "2468"]
[BlackElo "2615"]
[Annotator ""]
[Source ""]
[Remark ""]

1.e4 e6 2.d4 d5 3.e5 c5 4.c3 Qb6 5.Nf3 Bd7 6.a3 Bb5 7.b4 cxd4
8.Bxb5+ Qxb5 9.cxd4 Nd7 10.Nc3 Qc6 11.Qd3 Ne7 12.O-O Nc8 13.Bg5
Ncb6 14.Nd2 h6 15.Bh4 Nc4 16.f4 Rc8 17.Rfc1 b5 18.f5 a6 19.Nxc4
dxc4 20.Qe2 Nb6 21.Rd1 Rc7 22.fxe6 fxe6 23.Qh5+ Kd7 24.d5 Nxd5
25.Nxd5 exd5 26.Rxd5+ Kc8 27.Qf5+ Kb7 28.e6 g6 29.Qe4 Bg7 30.Re1
c3 31.Bg3 Re7 32.a4 Rc8 33.axb5 axb5 34.Ra1 Qb6+ 35.Bf2 Rxe6
36.Rd7+ 1-0

[Event "IX Êóáîê Ãóáåðíàòîðà ÕÌÀÎ-Þãðû òóðíèð À"]
[Site "Õàíòû-Ìàíñèéñê, Russia"]
[Date "2013.11.28"]
[Round "1"]
[White "Ïîíêðàòîâ Ïàâåë"]
[Black "Øèíêåâè÷ Âèòàëèé"]
[Result "1-0"]
[WhiteElo "2603"]
[BlackElo "2468"]
[Annotator ""]
[Source ""]
[Remark ""]

1.e4 e5 2.Nf3 Nc6 3.Bc4 Bc5 4.O-O Nf6 5.d4 exd4 6.e5 d5 7.exf6
dxc4 8.Re1+ Kf8 9.Nbd2 Qd5 10.Ne4 Bf5 11.fxg7+ Kxg7 12.Bh6+ Kxh6
13.Qd2+ Kg7 14.Qg5+ Kf8 15.Qh6+ Ke7 16.Qh4+ Kf8 17.Qh6+ Ke7 18.Nxc5+
Be6 19.Rxe6+ 1-0

[Event "IX Êóáîê Ãóáåðíàòîðà ÕÌÀÎ-Þãðû òóðíèð À"]
[Site "Õàíòû-Ìàíñèéñê, Russia"]
[Date "2013.11.28"]
[Round "1"]
[White "Ñàâ÷åíêî Áîðèñ"]
[Black "Ãîðäèåâñêèé Äìèòðèé"]
[Result "1-0"]
[WhiteElo "2602"]
[BlackElo "2448"]
[Annotator ""]
[Source ""]
[Remark ""]

1.e4 c5 2.Nf3 d6 3.d4 cxd4 4.Nxd4 Nf6 5.Nc3 a6 6.Bg5 Nbd7 7.Qf3
e6 8.O-O-O Qc7 9.Be2 b5 10.Rhe1 Ne5 11.Qe3 b4 12.Na4 Bd7 13.b3
Bxa4 14.bxa4 Be7 15.f4 Nc4 16.Qh3 Rc8 17.Bd3 Qc5 18.Nb3 Qc6 19.e5
dxe5 20.fxe5 Nd5 21.Bxe7 Nxe7 22.Re4 Na3 23.Rd2 Nd5 24.Rd4 h6
25.Qg3 g5 26.Qf2 Nf4 27.Be4 Qc7 28.g3 Nd5 29.Rxd5 exd5 30.Qf6
O-O 31.Bxd5 Qc3 32.Qg6+ Kh8 33.Qxh6+ Kg8 34.Qxg5+ Kh8 35.Qh6+
Kg8 36.Be4 1-0

[Event "IX Êóáîê Ãóáåðíàòîðà ÕÌÀÎ-Þãðû òóðíèð À"]
[Site "Õàíòû-Ìàíñèéñê, Russia"]
[Date "2013.11.28"]
[Round "1"]
[White "Ãîðÿ÷êèíà Àëåêñàíäðà"]
[Black "Ìàëåòèí Ïàâåë"]
[Result "1/2-1/2"]
[WhiteElo "2438"]
[BlackElo "2598"]
[Annotator ""]
[Source ""]
[Remark ""]

1.d4 Nf6 2.c4 e6 3.g3 Bb4+ 4.Nd2 d5 5.Bg2 O-O 6.Ngf3 dxc4 7.Qc2
Nc6 8.Qxc4 Qd5 9.O-O Bxd2 10.Qxd5 exd5 11.Bxd2 Bg4 12.Be3 Rfe8
13.Rfc1 Rac8 14.h3 Bf5 15.Bf1 a6 16.g4 Bg6 17.Nh4 Ne4 18.Kh2
f6 19.b3 Bf7 20.Ng2 Nd6 21.f3 g5 22.Bf2 f5 23.e3 fxg4 24.hxg4
h5 25.Bxa6 Nxd4 26.exd4 bxa6 27.Ne3 c6 28.Rc2 Bg6 29.Rd2 Rf8
30.Kg2 h4 31.Nf1 h3+ 32.Kxh3 Rxf3+ 33.Kg2 Rcf8 34.Nh2 Rc3 35.Rb2
Ne4 36.Rf1 Rd3 37.Be1 Rxf1 38.Nxf1 Rxd4 39.Ng3 Nxg3 40.Kxg3 Be8
41.Rd2 Re4 42.Bf2 Bg6 43.a3 Re6 44.b4 Re4 45.Bc5 Bf7 46.Bf2 Be6
47.Rd4 Re2 48.Kf3 Ra2 49.Rd3 Bxg4+ 50.Kxg4 Rxf2 51.Kxg5 Kf7 52.Rc3
Rf6 53.a4 Re6 54.Rc5 Ke7 55.b5 axb5 56.axb5 cxb5 57.Rxd5 Rb6
58.Kf4 Ke6 59.Rh5 Kd6 1/2-1/2

[Event "IX Êóáîê Ãóáåðíàòîðà ÕÌÀÎ-Þãðû òóðíèð À"]
[Site "Õàíòû-Ìàíñèéñê, Russia"]
[Date "2013.11.28"]
[Round "1"]
[White "Ôåäîñååâ Âëàäèìèð"]
[Black "Ñìèðíîâ Àëåêñåé"]
[Result "1-0"]
[WhiteElo "2597"]
[BlackElo "2429"]
[Annotator ""]
[Source ""]
[Remark ""]

1.d4 Nf6 2.c4 e6 3.Nf3 b6 4.Nc3 Bb4 5.e3 Bb7 6.Bd3 Ne4 7.O-O
f5 8.Ne2 O-O 9.b3 Qf6 10.Qc2 Bd6 11.Ng3 Nxg3 12.fxg3 c5 13.d5
Na6 14.a3 Qxa1 15.Bb2 Qxf1+ 16.Kxf1 Rae8 17.e4 Rf7 18.Ng5 fxe4+
19.Nxf7 exd3 20.Qc3 Bf8 21.Nd6 1-0

[Event "IX Êóáîê Ãóáåðíàòîðà ÕÌÀÎ-Þãðû òóðíèð À"]
[Site "Õàíòû-Ìàíñèéñê, Russia"]
[Date "2013.11.28"]
[Round "1"]
[White "Êàíòåð Ýäóàðä"]
[Black "Îíèùóê Âëàäèìèð"]
[Result "1/2-1/2"]
[WhiteElo "2407"]
[BlackElo "2591"]
[Annotator ""]
[Source ""]
[Remark ""]

1.d4 d6 2.Nf3 g6 3.c4 Bg7 4.Nc3 Bg4 5.g3 Bxf3 6.exf3 e6 7.Bh3
Ne7 8.d5 exd5 9.cxd5 O-O 10.O-O Nd7 11.Bg5 h6 12.Be3 Ne5 13.b3
c5 14.dxc6 N5xc6 15.Qd2 Ne5 16.Bg2 Nf5 17.Rad1 Re8 18.Ne4 Nxe3
19.fxe3 Qb6 20.Qxd6 Qxe3+ 21.Kh1 Rad8 22.Qxd8 Rxd8 23.Rxd8+ Kh7
24.f4 Nd3 25.Re8 Qd4 26.f5 gxf5 27.Bh3 Be5 28.Bxf5+ Kg7 29.Re7
Qe3 30.Nd6 Nf2+ 31.Kg2 Nd1 32.Rxf7+ Kh8 33.Rf8+ Kg7 34.Rf7+ Kh8
35.Rf8+ Kg7 36.Rf7+ 1/2-1/2

[Event "IX Êóáîê Ãóáåðíàòîðà ÕÌÀÎ-Þãðû òóðíèð À"]
[Site "Õàíòû-Ìàíñèéñê, Russia"]
[Date "2013.11.28"]
[Round "1"]
[White "Øàðàôèåâ Àçàò"]
[Black "Ãîãàíîâ Àëåêñåé"]
[Result "1/2-1/2"]
[WhiteElo "2403"]
[BlackElo "2581"]
[Annotator ""]
[Source ""]
[Remark ""]

1.d4 d5 2.c4 c6 3.Nc3 Nf6 4.cxd5 cxd5 5.Bf4 Nc6 6.e3 Bf5 7.Be2
Qb6 8.a3 Qxb2 9.Na4 Qc2 10.Qxc2 Bxc2 11.Nc5 e6 12.Nxb7 Ba4 13.Nf3
Be7 14.Nd6+ Bxd6 15.Bxd6 Ne4 16.Bf4 f6 17.Rb1 g5 18.Bg3 O-O 19.Nd2
Nc3 20.Rb7 Na5 21.Rc7 Nxe2 22.Kxe2 Bb5+ 23.Kf3 h5 24.Bd6 Rf7
25.Rhc1 Nc4 26.Nxc4 Bxc4 27.Rb1 Rxc7 28.Bxc7 Kf7 29.Rb8 Rxb8
30.Bxb8 a6 31.g3 g4+ 32.Kg2 Be2 33.h4 Kg6 34.Bd6 Kf5 35.Be7 e5
36.Kg1 Ke6 37.Bd8 Kf5 38.Be7 Ke6 39.Bd8 Kf5 40.Be7 Ke6 1/2-1/2

[Event "IX Êóáîê Ãóáåðíàòîðà ÕÌÀÎ-Þãðû òóðíèð À"]
[Site "Õàíòû-Ìàíñèéñê, Russia"]
[Date "2013.11.28"]
[Round "1"]
[White "Ñàâèöêèé Ñåðãåé"]
[Black "Øàðèÿçäàíîâ Àíäðåé"]
[Result "0-1"]
[WhiteElo "2363"]
[BlackElo "2572"]
[Annotator ""]
[Source ""]
[Remark ""]

1.e4 e6 2.d4 d5 3.Nc3 Nf6 4.e5 Nfd7 5.f4 c5 6.Nf3 Nc6 7.Be3 Be7
8.Qd2 O-O 9.Be2 b6 10.O-O f5 11.exf6 Nxf6 12.Kh1 Bb7 13.Rad1
a6 14.a3 Qc7 15.Qe1 Rae8 16.Bd3 Bd6 17.Qh4 Ne7 18.Ng5 Nf5 19.Qh3
g6 20.dxc5 bxc5 21.Bc1 c4 22.Bxf5 exf5 23.Qh4 Bc5 24.Nf3 Qg7
25.Ne5 d4 26.Ne2 g5 27.Qe1 gxf4 28.Nf3 Nd5 29.Qd2 Ne3 30.Nxf4
Qg4 31.Nh3 Nxd1 32.Qxd1 Re7 33.Bg5 Ree8 34.Qd2 Rf7 35.Nf2 Qh5
36.Nh3 Rd7 37.Nf4 Qf7 38.Qf2 Bf8 39.Nxd4 Bg7 40.c3 h6 41.Bh4
Re4 42.Nfe2 Rg4 43.Bg3 Be4 44.h3 Rg5 45.Nf3 Rg6 46.Nf4 Rgd6 47.Kh2
Kh7 48.Ne2 Rd3 49.Nf4 Rd1 50.Rxd1 Rxd1 51.Nd2 Bd3 52.Nxd3 cxd3
53.Bf4 Qd5 54.c4 Qd4 55.Qf3 Re1 56.b4 Qxf4+ 57.Qxf4 Be5 58.Kg3
Bxf4+ 59.Kxf4 Re2 60.Nb1 d2 61.Nc3 Re1 0-1

[Event "IX Êóáîê Ãóáåðíàòîðà ÕÌÀÎ-Þãðû òóðíèð À"]
[Site "Õàíòû-Ìàíñèéñê, Russia"]
[Date "2013.11.28"]
[Round "1"]
[White "Àðòåìüåâ Âëàäèñëàâ"]
[Black "Ñàäóàêàñîâà Äèíàðà"]
[Result "1-0"]
[WhiteElo "2570"]
[BlackElo "2357"]
[Annotator ""]
[Source ""]
[Remark ""]

1.e4 e5 2.Nf3 Nf6 3.d4 Nxe4 4.Bd3 d5 5.dxe5 Nc6 6.O-O Bg4 7.Nc3
Nxc3 8.bxc3 Qd7 9.Re1 Bc5 10.h3 Bh5 11.Rb1 O-O-O 12.Rb5 Be7 13.Bf4
Bg6 14.Be2 Qf5 15.Nd4 Qxf4 16.Bg4+ Rd7 17.Rxd5 f5 18.Rxd7 fxg4
19.Rxc7+ 1-0

[Event "IX Êóáîê Ãóáåðíàòîðà ÕÌÀÎ-Þãðû òóðíèð À"]
[Site "Õàíòû-Ìàíñèéñê, Russia"]
[Date "2013.11.28"]
[Round "1"]
[White "Ñàðàíà Àëåêñåé"]
[Black "Äâîéðèñ Ñåìåí"]
[Result "0-1"]
[WhiteElo "2261"]
[BlackElo "2562"]
[Annotator ""]
[Source ""]
[Remark ""]

1.e4 c5 2.Nf3 d6 3.d4 cxd4 4.Nxd4 Nf6 5.Nc3 a6 6.Be3 e5 7.Nb3
Be6 8.h3 Nbd7 9.g4 Rc8 10.Qd2 b5 11.O-O-O Nb6 12.g5 b4 13.Bxb6
Qxb6 14.Na4 Qc6 15.gxf6 gxf6 16.Qd3 Qxa4 17.Qxa6 Qxa6 18.Bxa6
Ra8 19.Bb5+ Ke7 20.Kb1 Bh6 21.Bc6 Ra7 22.Bd5 Rc8 23.Rd3 Rac7
24.Na1 f5 25.Bxe6 fxe6 26.f3 Ra7 27.Rhd1 Rc6 28.Nb3 fxe4 29.fxe4
Bf4 30.Rg1 Kf6 31.Rg2 Ra8 32.Nc1 Rca6 33.c3 bxc3 34.Rxc3 Ra4
35.Re2 Rg8 36.b3 Rd4 37.Nd3 Rg3 38.Kc2 Kg5 39.Nxf4 exf4 40.a4
f3 41.Rf2 Kf4 42.Kb2 Rxe4 43.Rcc2 e5 44.a5 Re1 45.a6 Rgg1 46.Kc3
Ra1 47.Ra2 Rgc1+ 48.Kb4 Rxa2 49.Rxa2 Rc8 50.a7 Ra8 51.Kc3 Ke3
52.b4 f2 53.Ra1 Rxa7 0-1

[Event "IX Êóáîê Ãóáåðíàòîðà ÕÌÀÎ-Þãðû òóðíèð À"]
[Site "Õàíòû-Ìàíñèéñê, Russia"]
[Date "2013.11.28"]
[Round "1"]
[White "Àðñëàíîâ Øàìèëü"]
[Black "Èñêóñíûõ Ñåðãåé"]
[Result "0-1"]
[WhiteElo "2411"]
[BlackElo "2471"]
[Annotator ""]
[Source ""]
[Remark ""]

1.d4 d5 2.c4 c6 3.cxd5 cxd5 4.Bf4 e6 5.Nc3 Bd6 6.Bxd6 Qxd6 7.e3
Nc6 8.Bd3 Nge7 9.f4 O-O 10.Nf3 f6 11.O-O Bd7 12.Qc2 Nb4 13.Bxh7+
Kh8 14.Qb1 f5 15.Ng5 Rf6 16.Rf3 Raf8 17.Nd1 Rh6 18.Nf2 Rxh7 19.Nxh7
Kxh7 20.Rh3+ Kg8 21.a3 Nbc6 22.Nd3 Be8 23.Qe1 Ng6 24.Qg3 Rf6
25.Ne5 Qd8 26.Nf3 Nf8 27.Ng5 Qb6 28.Qf2 Nd8 29.Rc1 Bc6 30.Rc2
Nf7 31.Nxf7 Kxf7 32.Rh8 Qb3 33.h3 Rh6 34.Rxh6 gxh6 35.g4 Nh7
36.Re2 Nf6 37.g5 Ne4 38.Qh4 Qd1+ 39.Re1 Qf3 40.gxh6 Ng3 41.h7
Qh1+ 42.Kf2 Ne4+ 43.Ke2 Qg2+ 0-1

[Event "IX Êóáîê Ãóáåðíàòîðà ÕÌÀÎ-Þãðû òóðíèð À"]
[Site "Õàíòû-Ìàíñèéñê, Russia"]
[Date "2013.11.29"]
[Round "2"]
[White "Ìàòëàêîâ Ìàêñèì"]
[Black "Àëåêñàíäðîâ Àëåêñåé"]
[Result "1/2-1/2"]
[WhiteElo "2700"]
[BlackElo "2586"]
[Annotator ""]
[Source ""]
[Remark ""]

1.d4 Nf6 2.c4 e6 3.Nc3 d5 4.Nf3 Bb4 5.Qb3 c5 6.dxc5 Nc6 7.Bg5
dxc4 8.Qxc4 Qa5 9.Bxf6 gxf6 10.Rc1 Qxc5 11.Qh4 Ke7 12.g3 Bxc3+
13.bxc3 b6 14.Bg2 Bb7 15.O-O Rad8 16.Nd4 h5 17.Rcd1 Rd6 18.Rd3
Ba6 19.Rf3 Rh6 20.Nxc6+ Rxc6 21.Qf4 Rg6 22.Re3 Rd6 23.Bf3 Bb5
24.Rb1 Bc6 25.h4 Kf8 26.Kh2 Kg7 27.a4 Bxf3 28.Qxf3 Qc6 29.Qxh5
Qxa4 30.Rb4 Qa1 31.Qf3 Qe1 32.Rd4 Rxd4 33.cxd4 b5 34.Ra3 a5 35.Kg2
a4 36.Rc3 Qd2 37.h5 Rh6 38.Rc5 Qxd4 39.Rxb5 f5 40.Ra5 Rh8 41.e3
Qg4 42.Qxg4+ fxg4 43.f3 gxf3+ 44.Kxf3 f5 45.g4 Kh6 46.Rxa4 fxg4+
47.Kxg4 Rg8+ 48.Kf4 Rg5 49.Ra6 Rxh5 50.Rxe6+ 1/2-1/2

[Event "IX Êóáîê Ãóáåðíàòîðà ÕÌÀÎ-Þãðû òóðíèð À"]
[Site "Õàíòû-Ìàíñèéñê, Russia"]
[Date "2013.11.29"]
[Round "2"]
[White "Áóêàâøèí Èâàí"]
[Black "Ëûñûé Èãîðü"]
[Result "1/2-1/2"]
[WhiteElo "2578"]
[BlackElo "2666"]
[Annotator ""]
[Source ""]
[Remark ""]

1.d4 Nf6 2.c4 e6 3.Nc3 Bb4 4.Qc2 d5 5.a3 Bxc3+ 6.Qxc3 O-O 7.Nf3
dxc4 8.Qxc4 b6 9.Bg5 Ba6 10.Qa4 c5 11.dxc5 bxc5 12.Rd1 Qb6 13.Bxf6
gxf6 14.Rd2 Nc6 15.Qg4+ Kh8 16.Qh4 Kg7 17.Ng5 fxg5 18.Qxg5+ Kh8
19.Qf6+ Kg8 20.Qg5+ Kh8 21.Qf6+ Kg8 22.Qg5+ Kh8 1/2-1/2

[Event "IX Êóáîê Ãóáåðíàòîðà ÕÌÀÎ-Þãðû òóðíèð À"]
[Site "Õàíòû-Ìàíñèéñê, Russia"]
[Date "2013.11.29"]
[Round "2"]
[White "Øàðèÿçäàíîâ Àíäðåé"]
[Black "Øèìàíîâ Àëåêñàíäð"]
[Result "1/2-1/2"]
[WhiteElo "2572"]
[BlackElo "2650"]
[Annotator ""]
[Source ""]
[Remark ""]

1.c4 g6 2.Nc3 Bg7 3.d4 Nf6 4.e4 O-O 5.Be2 d6 6.Nf3 e5 7.O-O exd4
8.Nxd4 Re8 9.f3 c6 10.Kh1 Nh5 11.g4 Nf6 12.Be3 h5 13.g5 Nfd7
14.Qd2 Qe7 15.Rad1 Na6 16.Nc2 Be5 17.f4 Bxc3 18.Qxc3 Ndc5 19.Bf3
Nxe4 20.Qe1 Bf5 21.Bc1 Nec5 22.Qc3 Ne4 23.Qe1 Nxg5 24.fxg5 Bxc2
25.Qxe7 Rxe7 26.Rxd6 Rae8 27.Bd2 Be4 28.Bxe4 Rxe4 29.Rd7 R4e7
30.Rxe7 Rxe7 31.Bc3 Rd7 32.Kg2 Nc5 33.Re1 Ne6 34.h4 Kf8 35.Re4
Rd3 36.Kf2 Ke8 37.Re3 Rd1 38.Re1 Rxe1 39.Bxe1 Nd4 40.Kg3 Ne6
41.Kf3 Nc5 42.Bf2 b6 43.Bxc5 bxc5 44.Kf4 Kd7 45.Ke5 Ke7 46.b3
a6 47.a3 a5 48.a4 f6+ 49.gxf6+ Kf7 50.Kd6 Kxf6 51.Kxc5 g5 52.hxg5+
Kxg5 53.b4 axb4 54.a5 b3 55.a6 b2 56.a7 b1Q 57.a8Q Qg1+ 58.Kb4
Qe1+ 59.Kb3 Qg3+ 60.Ka4 Qd6 61.Qg8+ Qg6 62.Qd8+ Kf4 63.Qd2+ Kf3
64.Qd1+ Ke3 65.Kb4 Qg4 66.Qc1+ Ke4 67.Qe1+ Kf4 68.Qd2+ Kf3 69.Qd6
Qe4 1/2-1/2

[Event "IX Êóáîê Ãóáåðíàòîðà ÕÌÀÎ-Þãðû òóðíèð À"]
[Site "Õàíòû-Ìàíñèéñê, Russia"]
[Date "2013.11.29"]
[Round "2"]
[White "Àðòåìüåâ Âëàäèñëàâ"]
[Black "Êîêàðåâ Äìèòðèé"]
[Result "1/2-1/2"]
[WhiteElo "2570"]
[BlackElo "2631"]
[Annotator ""]
[Source ""]
[Remark ""]

1.e4 c5 2.Nf3 d6 3.Bb5+ Bd7 4.c4 Nf6 5.Nc3 g6 6.d4 cxd4 7.Nxd4
Bg7 8.O-O O-O 9.Bxd7 Nfxd7 10.Be3 Nc6 11.Rc1 Qa5 12.Nd5 Rae8
13.a3 Nf6 14.b4 Qxa3 15.Nxc6 Nxd5 16.cxd5 bxc6 17.dxc6 Qxb4 18.Qd5
e6 19.Qd3 Rc8 20.Rfd1 Be5 21.f4 Bb2 22.Rc4 Qa3 23.Qxa3 Bxa3 24.Bxa7
Ra8 25.Be3 Rfc8 26.Kf2 Kf8 27.g4 Rab8 28.Rd3 Ra8 29.Rc2 Ke8 30.Kf3
Bb4 31.Rb3 Ba5 32.f5 Bd8 33.Rb7 Ra3 34.fxe6 Bg5 35.exf7+ Kf8
36.Re2 Rxc6 37.h4 Bxe3 38.Rxe3 Rxe3+ 39.Kxe3 Rc5 40.g5 Rc1 41.Kd4
Rd1+ 42.Kc4 Kg7 43.f8Q+ Kxf8 44.Rxh7 Rd2 45.Rd7 Rd1 46.Kc3 Re1
47.Kd4 Rd1+ 48.Kc4 Kg8 49.Kc3 Kf8 50.e5 Rc1+ 51.Kd2 Rc4 52.Rxd6
Kf7 53.Rf6+ Kg7 54.e6 Rxh4 55.Rf7+ Kg8 56.Rf3 Ra4 57.e7 Ra8 58.Kd3
Re8 59.Re3 Kf7 60.Kd4 Ra8 61.e8Q+ Rxe8 62.Rxe8 Kxe8 63.Ke4 Kd8
64.Kd4 Ke8 65.Kc5 Ke7 1/2-1/2

[Event "IX Êóáîê Ãóáåðíàòîðà ÕÌÀÎ-Þãðû òóðíèð À"]
[Site "Õàíòû-Ìàíñèéñê, Russia"]
[Date "2013.11.29"]
[Round "2"]
[White "Äâîéðèñ Ñåìåí"]
[Black "Ïîíêðàòîâ Ïàâåë"]
[Result "1/2-1/2"]
[WhiteElo "2562"]
[BlackElo "2603"]
[Annotator ""]
[Source ""]
[Remark ""]

1.e4 e5 2.Nf3 Nc6 3.Bb5 Nge7 4.O-O g6 5.c3 Bg7 6.d4 exd4 7.cxd4
a6 8.Ba4 b5 9.Bc2 O-O 10.Nc3 d6 11.d5 Na5 12.Nd4 Re8 13.a4 b4
14.Nce2 c5 15.dxc6 Nexc6 16.Be3 Bb7 17.Nxc6 Bxc6 18.Bd4 Bxe4
19.Bxe4 Rxe4 20.Bxg7 Kxg7 21.Ng3 Rh4 22.Qd5 Rc8 23.Ne4 Nc4 24.Rad1
Qa5 25.Qxa5 Nxa5 26.f3 Nc4 27.Nxd6 Rc6 28.g3 Rh5 29.Nxc4 Rxc4
30.Rf2 Ra5 31.Re2 Rc7 32.Ra1 Rd5 33.Kf2 Rd3 34.Rae1 Rb3 35.Rd2
a5 36.Re3 Rxe3 37.Kxe3 Rc1 38.Kd3 Kf6 39.Rc2 Rxc2 40.Kxc2 Ke5
41.Kd3 Kd5 1/2-1/2

[Event "IX Êóáîê Ãóáåðíàòîðà ÕÌÀÎ-Þãðû òóðíèð À"]
[Site "Õàíòû-Ìàíñèéñê, Russia"]
[Date "2013.11.29"]
[Round "2"]
[White "Áî÷àðîâ Äìèòðèé"]
[Black "Ìàòèíÿí Íèêèòà"]
[Result "1/2-1/2"]
[WhiteElo "2602"]
[BlackElo "2481"]
[Annotator ""]
[Source ""]
[Remark ""]

1.d4 Nf6 2.c4 g6 3.Nc3 d5 4.cxd5 Nxd5 5.Bd2 Bg7 6.e4 Nxc3 7.Bxc3
O-O 8.Bc4 c6 9.Ne2 Nd7 10.f4 Nb6 11.Bb3 Bg4 12.Qd2 Bxe2 13.Kxe2
Qd7 14.Rad1 Rad8 15.Qe3 Kh8 16.a4 f5 17.a5 Na8 18.e5 Nc7 19.Bb4
Rfe8 20.Kf2 Nd5 21.Bxd5 Qxd5 22.Rd2 e6 23.Rc1 Rd7 24.a6 Qb5 25.Qa3
bxa6 26.Bd6 Kg8 27.Rc5 Qb7 28.Qa4 Bf8 29.Rxc6 Bxd6 30.Rxd6 Red8
31.Rxe6 Qe4 32.Re8+ Kg7 33.Rxd8 Qxf4+ 34.Ke2 Qe4+ 35.Kf2 Qf4+
36.Kg1 Qe3+ 37.Kf1 Qf4+ 38.Kg1 Qe3+ 39.Kf1 Qf4+ 40.Ke1 Rxd8 41.Qc4
Qe4+ 42.Kd1 Rd5 43.Qd3 Qxd3 44.Rxd3 Kf7 45.Kd2 Ke6 46.Ke3 Rb5
47.Rc3 g5 48.Rc6+ Kd5 49.Rd6+ Kc4 50.Rc6+ Kd5 51.Rd6+ Kc4 52.Rc6+ 1/2-1/2

[Event "IX Êóáîê Ãóáåðíàòîðà ÕÌÀÎ-Þãðû òóðíèð À"]
[Site "Õàíòû-Ìàíñèéñê, Russia"]
[Date "2013.11.29"]
[Round "2"]
[White "Èñêóñíûõ Ñåðãåé"]
[Black "Ôåäîñååâ Âëàäèìèð"]
[Result "0-1"]
[WhiteElo "2471"]
[BlackElo "2597"]
[Annotator ""]
[Source ""]
[Remark ""]

1.d4 Nf6 2.c4 e6 3.g3 Bb4+ 4.Bd2 c5 5.Bxb4 cxb4 6.Bg2 O-O 7.e4
d6 8.Ne2 Qc7 9.Nd2 b6 10.Qb3 Na6 11.O-O Bb7 12.a3 bxa3 13.Qxa3
Nb8 14.d5 e5 15.Nc3 a6 16.b4 Nbd7 17.Rfc1 Rfc8 18.c5 dxc5 19.Na4
a5 20.bxc5 bxc5 21.Bh3 Ba6 22.Nxc5 Nxc5 23.Bxc8 Rxc8 24.Qxa5
Qxa5 25.Rxa5 Ncxe4 26.Rxc8+ Bxc8 27.Nc4 Ne8 28.Nxe5 N4d6 29.f3
Kf8 30.Kf2 Bb7 31.Nc6 Nf6 32.g4 Ke8 33.h4 Kd7 34.Nb4 Kc7 35.Rc5+
Kb6 36.Rc1 h5 37.g5 Nxd5 38.Nd3 Ne7 39.Ne5 Bc8 40.Rc2 Be6 41.Nd3
Ng6 42.Rc1 Bc4 43.Nb2 Bb5 44.Nd1 Nxh4 45.Ne3 Bc6 46.Rd1 Kc7 47.Nd5+
Kd7 48.Ne3 Ke6 49.Ra1 Nxf3 50.Ra6 Ne5 0-1

[Event "IX Êóáîê Ãóáåðíàòîðà ÕÌÀÎ-Þãðû òóðíèð À"]
[Site "Õàíòû-Ìàíñèéñê, Russia"]
[Date "2013.11.29"]
[Round "2"]
[White "Áåçãîäîâ Àëåêñåé"]
[Black "Àëåêñååâ Åâãåíèé"]
[Result "1/2-1/2"]
[WhiteElo "2482"]
[BlackElo "2698"]
[Annotator ""]
[Source ""]
[Remark ""]

1.e4 c5 2.a3 g6 3.Bc4 Nc6 4.Nc3 Bg7 5.d3 d6 6.Bg5 Nf6 7.h4 h6
8.Bf4 a6 9.Nge2 b5 10.Ba2 e6 11.Ng3 Bb7 12.Nce2 d5 13.c3 dxe4
14.dxe4 c4 15.h5 g5 16.Be3 Ne5 17.O-O Nxe4 18.Bd4 Nxg3 19.Nxg3
Qd5 20.f3 O-O-O 21.Qe2 Rhg8 22.Rad1 Nd3 23.Qxd3 cxd3 24.Bxd5
Rxd5 25.Bxg7 Rxg7 26.Rfe1 g4 27.f4 Rg8 28.Rd2 Rgd8 29.f5 Kd7
30.fxe6+ fxe6 31.Re4 Rg8 32.Re3 Kd6 33.Rdxd3 Rxd3 34.Rxd3+ Bd5
35.Rd4 Ke5 36.a4 Rb8 37.Rb4 Bc6 38.a5 Rd8 39.Nf1 Be4 40.Kf2 Rf8+
41.Ke1 Rg8 42.g3 Rg5 43.Ne3 Bf3 44.Kd2 Kd6 45.Rf4 Rxh5 46.Nxg4
Bc6 47.b4 Rh3 1/2-1/2

[Event "IX Êóáîê Ãóáåðíàòîðà ÕÌÀÎ-Þãðû òóðíèð À"]
[Site "Õàíòû-Ìàíñèéñê, Russia"]
[Date "2013.11.29"]
[Round "2"]
[White "Õàéðóëëèí Èëüäàð"]
[Black "Øîìîåâ Àíòîí"]
[Result "1-0"]
[WhiteElo "2653"]
[BlackElo "2560"]
[Annotator ""]
[Source ""]
[Remark ""]

1.d4 Nf6 2.c4 g6 3.Nc3 Bg7 4.e4 d6 5.h3 O-O 6.Nf3 e5 7.d5 Nh5
8.g3 a5 9.Be2 Na6 10.Nh2 Nf6 11.Ng4 Nd7 12.h4 h5 13.Ne3 Nf6 14.Bd2
c6 15.f3 Bd7 16.O-O Nc5 17.Kg2 Rb8 18.Rb1 Ne8 19.Qc2 f5 20.exf5
gxf5 21.f4 exf4 22.Rxf4 Be5 23.Rf3 Ng7 24.Rbf1 Qe7 25.Ned1 f4
26.Bxf4 Bf5 27.Qd2 Ne4 28.Qe3 Bxc3 29.Nxc3 Rbe8 30.Bd3 cxd5 31.cxd5
Bh3+ 32.Kxh3 Qd7+ 33.Kg2 Nxc3 34.Bxd6 Qxd6 35.Rxf8+ Rxf8 36.Rxf8+
Kxf8 37.Qf3+ Ke7 38.bxc3 Ne8 39.Qxh5 Nf6 40.Qe2+ Kf8 41.c4 1-0

[Event "IX Êóáîê Ãóáåðíàòîðà ÕÌÀÎ-Þãðû òóðíèð À"]
[Site "Õàíòû-Ìàíñèéñê, Russia"]
[Date "2013.11.29"]
[Round "2"]
[White "Ñìèðíîâ Ïàâåë"]
[Black "Ãîðÿ÷êèíà Àëåêñàíäðà"]
[Result "1/2-1/2"]
[WhiteElo "2641"]
[BlackElo "2438"]
[Annotator ""]
[Source ""]
[Remark ""]

1.d4 d5 2.c4 c6 3.Nc3 Nf6 4.e3 e6 5.Nf3 Nbd7 6.Bd3 dxc4 7.Bxc4
b5 8.Bd3 Bd6 9.Bd2 Bb7 10.Rc1 Rc8 11.O-O O-O 12.a3 a5 13.e4 e5
14.dxe5 Nxe5 15.Nxe5 Bxe5 16.Qe2 Re8 17.Rfd1 Qd6 18.g3 Qe6 19.f3
h5 20.Be3 g6 21.Qf2 Rcd8 22.Bf1 Rd7 23.Rxd7 Nxd7 24.Rd1 Bc8 25.f4
Bxc3 26.bxc3 Qxe4 27.Re1 Nf6 28.Bg2 Qe6 29.Qd2 Bd7 30.Bf2 Qf5
31.Rxe8+ Nxe8 32.h3 Qe6 33.Qd4 Nd6 34.Qa7 Nc4 35.Bd4 Qe8 36.Qc5
Nd2 37.Be5 Nc4 38.Bd4 Nd2 39.Qg5 Qe1+ 40.Kh2 Qe2 41.Qd8+ Be8
42.Kg1 Qe1+ 43.Kh2 Qe2 44.Kg1 c5 45.Bf6 Kh7 46.Qe7 Qxe7 47.Bxe7
c4 48.Bd8 b4 49.cxb4 c3 50.Bf6 c2 51.Bb2 axb4 52.axb4 Nb3 53.Bd5
c1Q+ 54.Bxc1 Nxc1 55.Bc4 Bd7 56.b5 Bxh3 57.b6 Bc8 58.Kf2 f6 59.Ke3
g5 60.Kd2 h4 61.gxh4 gxh4 62.Kxc1 Bb7 63.Bf1 Kg6 64.Bh3 Kf7 65.Kd2
Ke7 66.Ke3 Kd6 67.f5 Kc5 68.Kf4 Kxb6 69.Kg4 Bc8 70.Kxh4 Bxf5 1/2-1/2